| 000 | 00449nam a22001697a 4500 | ||
|---|---|---|---|
| 005 | 20180816102626.0 | ||
| 008 | 160524b xxu||||| |||| 00| 0 eng d | ||
| 020 | _a978-81-7146-668-6 | ||
| 041 | _aeng | ||
| 082 |
_b4552 _a658.4012 |
||
| 100 |
_aRAO, C APPA AND OTHERS _94819 |
||
| 245 | _aStrategic Management and Business Policy | ||
| 260 |
_aNew Delhi _bAcademic Faundation _c2008 |
||
| 300 | _a636p, | ||
| 650 |
_aManagement _9241 |
||
| 942 | _cBK | ||
| 999 |
_c1527 _d1526 |
||